C under DOS Test (Record no. 2872)

MARC details
000 -LEADER
fixed length control field 00311nam a2200133Ia 4500
008 - FIXED-LENGTH DATA ELEMENTS--GENERAL INFORMATION
fixed length control field 191201s2003 xx 000 0 und d
082 ## - DEWEY DECIMAL CLASSIFICATION NUMBER
Classification number 005.133
Item number DEC
100 ## - MAIN ENTRY--PERSONAL NAME
Personal name DESAI, S
245 #0 - TITLE STATEMENT
Title C under DOS Test
260 ## - PUBLICATION, DISTRIBUTION, ETC. (IMPRINT)
Place of publication, distribution, etc N.Delhi
Name of publisher, distributor, etc BPB Publication
Date of publication, distribution, etc 2003
300 ## - PHYSICAL DESCRIPTION
Extent 247
650 ## - SUBJECT ADDED ENTRY--TOPICAL TERM
Topical term or geographic name as entry element B.Tech(IT)
942 ## - ADDED ENTRY ELEMENTS (KOHA)
Source of classification or shelving scheme Dewey Decimal Classification
Koha item type Text Books
Holdings
Withdrawn status Lost status Source of classification or shelving scheme Damaged status Not for loan Collection code Home library Current library Date acquired Source of acquisition Cost, normal purchase price Bill Number Total Checkouts Full call number Acc. no. / Barcode Date last seen Bill Date Koha item type Date last borrowed
    Dewey Decimal Classification     B.Tech(IT) PIET C-LIBRARY PIET C-LIBRARY 18/08/2007 J B C, New Delhi 99.00 705   005.133 PAC 6448 04/12/2019 28/07/2007 Text Books  
    Dewey Decimal Classification     B.Tech(IT) PIET C-LIBRARY PIET C-LIBRARY 18/08/2007 J B C, New Delhi 99.00 705   005.133 PAC 6449 04/12/2019 28/07/2007 Text Books  
    Dewey Decimal Classification     Computer Science and Engineering in AI & Machine Learning PIET C-LIBRARY PIET C-LIBRARY 18/08/2007 J B C, New Delhi 99.00 705 1 005.133 PAC 6450 31/07/2023 28/07/2007 Text Books 28/07/2023
    Dewey Decimal Classification     Computer Science and Engineering in AI & Machine Learning PIET C-LIBRARY PIET C-LIBRARY 18/08/2007 J B C, New Delhi 99.00 705   005.133 PAC 6451 04/12/2019 28/07/2007 Text Books  

Design & Developed by: PIET Central Library
R70 Miles Stone Pattikalyana Samalkha Panipat 132102
mail ID :- [email protected], Phone No:- 0180-2569700 Ex.216